ऊर्जेच्या शोधात (Record no. 828647)

MARC details
000 -LEADER
fixed length control field 00577nam a2200169Ia 4500
008 - FIXED-LENGTH DATA ELEMENTS--GENERAL INFORMATION
fixed length control field 110201s9999 xx 000 0 und d
082 ## - DEWEY DECIMAL CLASSIFICATION NUMBER
Item number B1404
Classification number V 11
100 ## - MAIN ENTRY--PERSONAL NAME
Personal name शिरवाडकर वसंत
245 ## - TITLE STATEMENT
Title ऊर्जेच्या शोधात
260 ## - PUBLICATION, DISTRIBUTION, ETC. (IMPRINT)
Name of publisher, distributor, etc पृथ्वी प्रकाशन
365 ## - TRADE PRICE
Price amount 12
600 ## - SUBJECT ADDED ENTRY--PERSONAL NAME
Personal name शिरवाडकर वसंत
630 ## - SUBJECT ADDED ENTRY--UNIFORM TITLE
Uniform title ऊर्जेच्या शोधात
700 ## - ADDED ENTRY--PERSONAL NAME
Personal name शिरवाडकर वसंत
730 ## - ADDED ENTRY--UNIFORM TITLE
Uniform title ऊर्जेच्या शोधात
942 ## - ADDED ENTRY ELEMENTS (KOHA)
Koha item type Book
Holdings
Withdrawn status Lost status Damaged status Not for loan Home library Current library Date acquired Cost, normal purchase price Total Checkouts Barcode Date last seen Cost, replacement price Price effective from Koha item type
        Prof.Manikrao Kirtane Vachanalaya, Vashi, Navi Mumbai Prof.Manikrao Kirtane Vachanalaya, Vashi, Navi Mumbai 02/01/2011 12.00   PMKV-B1404 02/01/2011 12.00 02/01/2011 Book